000 01177cam a2200217 4500
001 WB@3612-329
008 041209n2004 000 0 eng u
035 _a(Sirsi) u128258
245 _aIFRS and property
260 _ac2004
490 _aRICS European Alert
_vNovember 2004 2(1)
520 _aWith International Financial Reporting Standards (IFRS) becoming mandatory for all EU listed companies from the start of next year come important changes in the way that properties are presented in company accounts. All who have dealings with property - company directors, valuers, lawyers, accountants, investors and analysts, etc will need to appreciate the repercussions of the new rules. RICS has published a guide to the new accounting regime and its likely repercussions. "Property under IFRS: a guide to the effects of the new International Financial Reporting Standards" is available to download from the RICS website. http://www.rics.org
590 _aWB
590 _aWB
650 _aINTERNATIONAL FINANCIAL REPORTING STANDARDS
650 _aGUIDELINES
650 _aFINANCIAL ACCOUNTING
650 _aEC REGULATIONS
690 _aFINANCE
942 _n0
999 _c118423
_d118423